The mathematics of physics and chemistry / (Record no. 9222)
[ view plain ]
| 000 -LEADER | |
|---|---|
| fixed length control field | 00911cam a22002652 4500 |
| 001 - CONTROL NUMBER | |
| control field | 9222 |
| 003 - CONTROL NUMBER IDENTIFIER | |
| rucl marc code | BD-RjUL |
| 005 - DATE AND TIME OF LATEST TRANSACTION | |
| control field | 20211208234735.0 |
| 008 - FIXED-LENGTH DATA ELEMENTS--GENERAL INFORMATION | |
| fixed length control field | 140120m19671956njua b 001 0 eng |
| 035 ## - SYSTEM CONTROL NUMBER | |
| System control number | OCLC ocm00523131 from D971001M |
| -- | (BD-RjUL)9267 |
| 040 ## - CATALOGING SOURCE | |
| Original cataloging agency | DLC |
| Transcribing agency | DLC |
| Modifying agency | UKM |
| -- | EQO |
| -- | BD-RjUL |
| Language of cataloging | eng |
| 041 ## - LANGUAGE CODE | |
| Language code of text/sound track or separate title | eng |
| 082 ## - DEWEY DECIMAL CLASSIFICATION NUMBER | |
| Classification number | 530.15 |
| Author mark and year | MAM 1967 |
| Edition number | 23 |
| 100 1# - MAIN ENTRY--PERSONAL NAME | |
| Personal name | Margenau, Henry, |
| Dates associated with a name | 1901-1997 |
| 9 (RLIN) | 27259 |
| 245 14 - TITLE STATEMENT | |
| Title | The mathematics of physics and chemistry / |
| Statement of responsibility, etc. | by Henry Margenau and George Moseley Murphy. |
| 250 ## - EDITION STATEMENT | |
| Edition statement | 2nd ed. |
| 260 ## - PUBLICATION, DISTRIBUTION, ETC. (IMPRINT) | |
| Place of publication, distribution, etc. | Princeton : |
| Name of publisher, distributor, etc. | Van Nostrand, |
| Date of publication, distribution, etc. | c1956 [Reprint 1967]. |
| 300 ## - PHYSICAL DESCRIPTION | |
| Pagination | xiv, 604 p. : |
| Illustrations | ill. ; |
| Size | 24 cm. |
| 504 ## - BIBLIOGRAPHY, ETC. NOTE | |
| Bibliography, etc | Includes bibliographies & Index. |
| 650 #0 - SUBJECT ADDED ENTRY--TOPICAL TERM | |
| Topical term or geographic name as entry element | Mathematical physics. |
| 9 (RLIN) | 1138 |
| Topical term or geographic name as entry element | Chemistry, Physical and theoretical |
| General subdivision | Mathematics. |
| 9 (RLIN) | 27261 |
| 700 1# - ADDED ENTRY--PERSONAL NAME | |
| Personal name | Murphy, George Moseley, |
| Dates associated with a name | 1905-1968. |
| 942 ## - ADDED ENTRY ELEMENTS (KOHA) | |
| Source of classification or shelving scheme | Dewey Decimal Classification |
| Koha item type | Books |
| Lost status | Source of classification or shelving scheme | Damaged status | Not for loan | Collection code | Permanent Location | Current Location | Shelving location | Date acquired | Source of acquisition | Cost, normal purchase price | Total Checkouts | Full call number | Date last seen | Copy number | Koha item type |
|---|---|---|---|---|---|---|---|---|---|---|---|---|---|---|---|
| Dewey Decimal Classification | Non-fiction | Central Library, University of Rajshahi | Central Library, University of Rajshahi | 30/11/1967 | Sweets & Zeitlingers | 160.00 | 530.15 MAM 1967 | 20/01/2014 | C-2 | Books | |||||
| Dewey Decimal Classification | Not For Loan | Non-fiction | Central Library, University of Rajshahi | Central Library, University of Rajshahi | Reading Room | 11/02/1963 | Zeitlinger | 50.00 | 530.15 MAM 1962 | 07/05/2017 | C-1 | Books | |||
| Dewey Decimal Classification | Non-fiction | Central Library, University of Rajshahi | Central Library, University of Rajshahi | 06/12/1973 | U.S.Govt. | 530.15 MAM 1968 | 07/05/2017 | C-3 | Books | ||||||
| Dewey Decimal Classification | Non-fiction | Central Library, University of Rajshahi | Central Library, University of Rajshahi | 06/12/1973 | U.S.Govt. | 60.00 | 530.15 MAM 1968 | 07/05/2017 | C-4 | Books | |||||
| Dewey Decimal Classification | Non-fiction | Central Library, University of Rajshahi | Central Library, University of Rajshahi | 06/12/1973 | U.S.Govt. | 60.00 | 530.15 MAM 1968 | 07/05/2017 | C-5 | Books | |||||
| Dewey Decimal Classification | Non-fiction | Central Library, University of Rajshahi | Central Library, University of Rajshahi | 06/12/1973 | U.S.Govt. | 530.15 MAM 1968 | 07/05/2017 | C-6 | Books | ||||||
| Dewey Decimal Classification | Non-fiction | Central Library, University of Rajshahi | Central Library, University of Rajshahi | 06/12/1973 | U.S.Govt. | 530.15 MAM 1968 | 07/05/2017 | C-7 | Books | ||||||
| Dewey Decimal Classification | Non-fiction | Central Library, University of Rajshahi | Central Library, University of Rajshahi | 06/12/1973 | Sweet & Zeitlinger | 180.00 | 530.15 MAM 1967 | 07/05/2017 | C-8 | Books | |||||
| Dewey Decimal Classification | Non-fiction | Central Library, University of Rajshahi | Central Library, University of Rajshahi | 25/08/1969 | Zeitlinger | 60.00 | 530.15 MAM 1968 | 07/05/2017 | C-9 | Books | |||||
| Dewey Decimal Classification | Non-fiction | Central Library, University of Rajshahi | Central Library, University of Rajshahi | 25/08/1969 | U.S.Govt. | 530.15 MAM 1968 | 07/05/2017 | C-10 | Books |